000
00322nam a22001457a 4500
008
210309b ||||| |||| 00| 0 eng d
020
_a
0306444291
041
_a
eng
080
_a
573
082
_2
573
100
_a
11
101
_a
BIO
245
_a
Molecular Biology of Membranes
_c
Howard R. Petty
942
_2
udc
_c
BK
999
_c
56092
_d
56092